000 00597nam a22002177a 4500
003 DO-SdBNP
005 20220531084008.0
007 ta
008 210215n dr ||||er|||| 001 0dspa d
040 _aDO-SdBNP
_bspa
_cBNPHU
041 _hspa
082 4 _aBNPHU
_bM516d
100 1 _aMejía Sarmiento, Federico,
_d1961-
_977767
245 1 _aDestello de luces :
_bde la vida al aprendiz /
_cFederico Mejía Sarmiento
260 _a[El Seibo] :
_b[s.n] ,
_c[s.f.]
300 _a73 p. ;
_c25 cm
505 0 _aMi patria.
590 _aInventariado, 2021/MF
910 _aMfeliz
942 _2ddc
_cLBS1
999 _c49367
_d49367